|
|
|
|
| LEADER |
01460nam a2200337 a 4500 |
| 001 |
32261 |
| 003 |
BD-DhAAL |
| 005 |
20211116150720.0 |
| 008 |
171025s2008 nyuab b 001 0 eng |
| 999 |
|
|
|c 38326
|d 38326
|
| 010 |
|
|
|a 2008035972
|
| 020 |
|
|
|a 9781580932073 (alk. paper)
|
| 020 |
|
|
|a 158093207X (alk. paper)
|
| 040 |
|
|
|a DLC
|c DLC
|d YDX
|d BTCTA
|d BAKER
|d YDXCP
|d CDX
|d DLC
|d BD-DhAAL
|
| 050 |
0 |
0 |
|a NA2750
|b .G626 2008
|
| 082 |
0 |
0 |
|a 709.03
|2 22
|
| 100 |
1 |
|
|a Goodman, Donna.
|9 22261
|4 Author
|
| 245 |
1 |
2 |
|a A history of the future /
|c Donna Goodman.
|
| 250 |
|
|
|a First edition
|
| 260 |
|
|
|a New York :
|b Monacelli Press,
|c c2008.
|
| 300 |
|
|
|a 280 pages :
|b illustrations, (some col.), col. maps ;
|c 29 cm.
|
| 504 |
|
|
|a Includes bibliographical references (pages 270) and index.
|
| 505 |
0 |
|
|a Introduction -- The machine age in Europe -- The machine age in America -- The automobile age -- The space age -- The media and information age -- The environmental age.
|
| 526 |
|
|
|a ARC
|
| 541 |
|
|
|a Trim Education
|e 32261
|
| 650 |
|
0 |
|a Architectural design
|x Forecasting
|x History.
|9 22262
|
| 650 |
|
0 |
|a Architectural design
|x Technological innovations
|x History.
|9 22263
|
| 650 |
|
0 |
|a City planning
|x Forecasting
|x History.
|9 22264
|
| 650 |
|
0 |
|a Architecture
|9 42736
|
| 942 |
|
|
|2 ddc
|c BK
|
| 952 |
|
|
|0 0
|1 0
|2 ddc
|4 0
|6 709_030000000000000_GOO
|7 0
|9 61630
|a BRACUL
|b BRACUL
|c GEN
|d 2017-10-25
|e Trim Education
|g 3763.00
|l 0
|o 709.03 GOO
|p 3010032261
|r 2017-10-23
|v 3763.00
|w 2017-10-23
|y BK
|